Who's Missing from the Picture? - Statistics

General Stats
  • This quiz has been taken 54 times
  • The average score is 6 of 15
Answers on the Map
Answers color-coded by a green-red scale on the quiz's map according to % correct below.
 
Answer Stats
Answer % Correct
Muhammad Ali
92%
Jesus
88%
Buzz Aldrin
69%
John Adams
60%
Diego Maradona
48%
Hillary Clinton
46%
Douglas MacArthur
44%
Christopher Columbus
40%
Hermann Göring
27%
Lee Harvey Oswald
25%
Boris Yeltsin
21%
Pythagoras
17%
Anne, Princess Royal
15%
Georges Clemenceau
13%
James Wolfe
2%
No matching quizzes found
Score Distribution
Percent of People with Each Score
Percentile by Number Answered
Your Score History
You have not taken this quiz